Name the Fictional Character by Picture 4 - Statistics

General Stats
  • This quiz has been taken 6 times
  • The average score is 29 of 100
Answer Stats
Picture Answer % Correct
Ash
83%
Hedwig
83%
Jafar
83%
Jerry
83%
Ms. Pac Man
83%
Pac Man
83%
Ralph
83%
The Cowardly Lion
83%
Tom
83%
Anakin Skywalker
67%
Davy Jones
67%
Donkey Kong
67%
Dr. Strange
67%
Marty McFly
67%
Mrs. Doubtfire
67%
Po
67%
Scarecrow
67%
Snape
67%
Tinkerbell
67%
Umbridge
67%
Apollo Creed
50%
Arthur
50%
Baloo
50%
Blue
50%
Ginny
50%
Jolly Green Giant
50%
Kirby
50%
Panda
50%
Porky Pig
50%
Tarzan
50%
Wallace
50%
Bellatrix
33%
Bob the Tomato
33%
Bowser Jr.
33%
Dipper
33%
Dry Bowser
33%
Funky Kong
33%
Gengar
33%
Goldilocks
33%
Hiccup
33%
Jay Gatsby
33%
Paul Bunyan
33%
Speedy Gonzales
33%
Steve
33%
Toto
33%
Wilson
33%
Yosemite Sam
33%
Apollo
17%
Captain Man/Ray
17%
Dementor
17%
Electrode
17%
Ganondorf
17%
Judy Hopps
17%
Larry the Cucumber
17%
Mabel
17%
Machamp
17%
Monkey
17%
Monty Mole
17%
Nabbit
17%
Nick Wilde
17%
Shi-Fu
17%
Stan
17%
Thai Lung
17%
Wilda Flintstone
17%
Woodstock
17%
Boom Boom
0%
Branch
0%
Chikorita
0%
Cubert
0%
Cyndaquil
0%
Duck Hunt
0%
Falco
0%
Fox
0%
Garchomp
0%
Gary De'Snake
0%
Golduck
0%
Henry Hart/Kid Danger
0%
Henry Wu
0%
Kamek
0%
Lakitu
0%
Leon
0%
Lex Luther
0%
Lucario
0%
Lucas
0%
Mankey
0%
Meowth
0%
Misty
0%
Mr. Game and Watch
0%
Ned Forrester
0%
Oogway
0%
Pichu
0%
Poppy
0%
Red
0%
Reshiram
0%
Sandshrew
0%
Scyther
0%
Soos
0%
Totodile
0%
Vick Hoskins
0%
Wendy
0%
No matching quizzes found
Score Distribution
Percent of People with Each Score
Percentile by Number Answered
Your Score History
You have not taken this quiz